[Event "V Festival A"]
[Site "Erba ITA"]
[Date "2011.03.19"]
[Round "2"]
[White "Marholev, Dimitar"]
[Black "Petkov, Vladimir"]
[Result "0-1"]
[WhiteElo "2384"]
[BlackElo "2493"]
[PlyCount "64"]
[EventDate "2011.03.18"]

1. e4 c5 2. Nf3 d6 3. d4 cxd4 4. Nxd4 Nf6 5. Nc3 a6 6. Be2 e5 7. Nb3 Be7 8. O-O
O-O 9. a4 b6 10. f4 Bb7 11. Bf3 Nbd7 12. f5 b5 13. g4 b4 14. Nd5 Nxd5 15. exd5
a5 16. Be3 Bg5 17. Bf2 Re8 18. Nd2 Bxd2 19. Qxd2 e4 20. Bg2 Nf6 21. g5 Nxd5 22.
Rfe1 e3 23. Bxe3 Nxe3 24. Rxe3 Rxe3 25. Qxe3 Bxg2 26. Kxg2 Rc8 27. Rc1 d5 28.
h4 d4 29. Qe4 b3 30. g6 Qd7 31. gxh7+ Kh8 32. f6 gxf6 0-1

[Event "V Festival A"]
[Site "Erba ITA"]
[Date "2011.03.19"]
[Round "2"]
[White "Pace, Pietro Dario"]
[Black "Smith, Bryan G."]
[Result "1/2-1/2"]
[WhiteElo "2300"]
[BlackElo "2466"]
[PlyCount "141"]
[EventDate "2011.03.18"]

1. e4 c5 2. Nf3 d6 3. d4 cxd4 4. Nxd4 Nf6 5. Nc3 g6 6. Be3 Bg7 7. f3 O-O 8. Bc4
Nc6 9. Qd2 Bd7 10. O-O-O Rb8 11. h4 b5 12. Bb3 Na5 13. h5 Nc4 14. Bxc4 bxc4 15.
hxg6 fxg6 16. Bh6 Qa5 17. Bxg7 Kxg7 18. Nde2 Kg8 19. Kb1 Qa3 20. Qc1 Rb7 21.
Ka1 Qb4 22. Nd5 Nxd5 23. Rxd5 Rfb8 24. b3 Rf8 25. c3 Qb6 26. Qh6 Rf7 27. Rg5
cxb3 28. Rxg6+ Kh8 29. Qg5 Rb8 30. Rgh6 Ba4 31. Nd4 Qc5 32. Qxc5 dxc5 33. Nxb3
Bxb3 34. axb3 Rxb3 35. Rc1 e5 36. Ra6 Rfb7 37. Rc2 Kg7 38. Ka2 R3b5 39. Rd2 c4
40. Rc2 Rb3 41. Ra4 R3b6 42. Rb4 Rxb4 43. cxb4 Rxb4 44. Rd2 Kf6 45. Rd7 h5 46.
Rxa7 c3 47. Rc7 Rb2+ 48. Ka3 Rxg2 49. Rxc3 h4 50. Rc8 h3 51. Rh8 h2 52. Kb3 Kg5
53. Kc4 Kf4 54. Kd5 Ra2 55. Rh3 Rb2 56. Ke6 Rg2 57. Kd5 Ra2 58. Ke6 Rd2 59. Kf6
Rd6+ 60. Ke7 Ra6 61. Rxh2 Kxf3 62. Rh4 Rb6 63. Kd7 Ra6 64. Ke7 Rc6 65. Kf7 Rb6
66. Ke7 Rb4 67. Ke6 Rxe4 68. Rh5 Kf4 69. Rf5+ Kg4 70. Rxe5 Rxe5+ 71. Kxe5
1/2-1/2

[Event "V Festival A"]
[Site "Erba ITA"]
[Date "2011.03.19"]
[Round "2"]
[White "Pace, Roberto"]
[Black "Liscio, Giovanni"]
[Result "1-0"]
[WhiteElo "1981"]
[BlackElo "2027"]
[PlyCount "52"]
[EventDate "2011.03.18"]

1. e4 c5 2. Nf3 d6 3. d4 cxd4 4. Nxd4 Nf6 5. Nc3 a6 6. Bg5 e6 7. f4 Be7 8. Qf3
Qc7 9. Bd3 Nc6 10. Nb3 b6 11. O-O Bb7 12. a3 O-O 13. Rae1 Rad8 14. Qh3 Ne8 15.
e5 g6 16. Bxe7 Nxe7 17. Nd2 d5 18. Qh6 Ng7 19. Nf3 Nef5 20. Qh3 b5 21. g4 Ne7
22. Qh6 f6 23. exf6 Rxf6 24. Ng5 Bc8 25. Qxh7+ Kf8 26. Qh8+ Ng8 1-0

[Event "V Festival A"]
[Site "Erba ITA"]
[Date "2011.03.19"]
[Round "2"]
[White "Radice, Luca"]
[Black "Locatelli, Andrea"]
[Result "1/2-1/2"]
[WhiteElo "1997"]
[BlackElo "2123"]
[PlyCount "42"]
[EventDate "2011.03.18"]

1. d4 Nf6 2. c4 e6 3. Nc3 Bb4 4. Qb3 c5 5. dxc5 Na6 6. Nf3 O-O 7. Bg5 Bxc3+ 8.
Qxc3 Ne4 9. Bxd8 Nxc3 10. Be7 Re8 11. Bd6 Ne4 12. e3 b6 13. Nd2 Naxc5 14. Bxc5
Nxd2 15. Kxd2 bxc5 16. b4 d6 17. h4 e5 18. e4 Be6 19. Be2 Kf8 20. b5 Reb8 21.
a4 a5 1/2-1/2

[Event "V Festival A"]
[Site "Erba ITA"]
[Date "2011.03.19"]
[Round "2"]
[White "Ranfagni, Stefano"]
[Black "Rambaldi, Francesco"]
[Result "1-0"]
[WhiteElo "1965"]
[BlackElo "2172"]
[PlyCount "95"]
[EventDate "2011.03.18"]

1. e4 c5 2. Nc3 a6 3. a4 Nc6 4. g3 g6 5. Bg2 Bg7 6. d3 d6 7. Be3 Nf6 8. h3 O-O
9. Nge2 Rb8 10. f4 Bd7 11. O-O b5 12. axb5 axb5 13. e5 Ne8 14. Ne4 f5 15. exf6
exf6 16. c3 Qe7 17. Bf2 f5 18. Ng5 h6 19. Nf3 b4 20. Nh4 Qf7 21. d4 cxd4 22.
Nxd4 Bxd4 23. Bxd4 Nc7 24. Re1 Kh7 25. Bf2 bxc3 26. bxc3 Qf6 27. Bc5 dxc5 28.
Qxd7+ Rf7 29. Qxc6 Qxc6 30. Bxc6 Rb3 31. Re3 Kg7 32. Rae1 g5 33. Nf3 gxf4 34.
gxf4 Kf6 35. Ne5 Rg7+ 36. Kh1 Ke6 37. Rd1 h5 38. Nd7+ Kf7 39. Nxc5 Ra3 40. Rd7+
Kf6 41. Rxg7 Kxg7 42. Re7+ Kh6 43. Rxc7 Rxc3 44. Bb7 Kg6 45. Ne6 Re3 46. Rc6 h4
47. Nd4+ Kh5 48. Rh6+ 1-0

[Event "V Festival A"]
[Site "Erba ITA"]
[Date "2011.03.19"]
[Round "2"]
[White "Seyfried, Claus"]
[Black "Di Lascio, Savino"]
[Result "1-0"]
[WhiteElo "2159"]
[BlackElo "1974"]
[PlyCount "75"]
[EventDate "2011.03.18"]

1. e4 c6 2. d4 d5 3. Nc3 dxe4 4. Nxe4 Nf6 5. Nxf6+ gxf6 6. Bc4 Bf5 7. c3 Qc7 8.
Qf3 Bg6 9. Nh3 Nd7 10. Nf4 Bh6 11. Ne6 fxe6 12. Bxh6 Bf7 13. O-O Rg8 14. Rfe1
Rg6 15. Bf4 Qc8 16. Qh3 f5 17. Re2 Nf6 18. Rae1 Nd5 19. Bd2 h5 20. Bd3 Qc7 21.
Re5 Qd7 22. a4 O-O-O 23. c4 Nc7 24. d5 cxd5 25. cxd5 Nxd5 26. Rxf5 exf5 27.
Bxf5 e6 28. Bxg6 Bxg6 29. Qg3 Qf7 30. Rc1+ Kd7 31. Qb3 Ke8 32. Bg5 Ra8 33. h3
Qd7 34. Re1 Rc8 35. Qg3 Bf5 36. Qe5 Qf7 37. Qxd5 Rc2 38. Qd8# 1-0

[Event "V Festival A"]
[Site "Erba ITA"]
[Date "2011.03.19"]
[Round "3"]
[White "Bellia, Fabrizio"]
[Black "Kosic, Dragan"]
[Result "1/2-1/2"]
[WhiteElo "2421"]
[BlackElo "2466"]
[PlyCount "40"]
[EventDate "2011.03.18"]

1. e4 e6 2. d4 d5 3. Nd2 c5 4. exd5 Qxd5 5. Ngf3 cxd4 6. Bc4 Qd6 7. O-O Nf6 8.
Nb3 Nc6 9. Nfxd4 Nxd4 10. Nxd4 Bd7 11. Re1 Qc7 12. Bb3 Bd6 13. h3 O-O 14. Qe2
Bh2+ 15. Kh1 Bf4 16. Be3 Rad8 17. Rad1 a6 18. c3 Rfe8 19. Kg1 h6 20. Nf3 Bxe3
1/2-1/2

[Event "V Festival A"]
[Site "Erba ITA"]
[Date "2011.03.19"]
[Round "3"]
[White "Cattaneo, Marco"]
[Black "Lapiccirella, Daniele"]
[Result "0-1"]
[WhiteElo "1990"]
[BlackElo "2255"]
[PlyCount "90"]
[EventDate "2011.03.18"]

1. d4 d5 2. c4 c6 3. Nc3 Nf6 4. Nf3 e6 5. e3 Nbd7 6. Qc2 Bd6 7. g4 Bb4 8. Bd2
Qe7 9. Bd3 dxc4 10. Bxc4 b5 11. Bd3 Bb7 12. g5 Bxc3 13. bxc3 Nd5 14. e4 N5b6
15. Be3 a6 16. Nd2 c5 17. Rc1 Rc8 18. Qb1 O-O 19. Rg1 cxd4 20. cxd4 Qa3 21. Nb3
Nc4 22. Ke2 Nxe3 23. Kxe3 f5 24. gxf6 Nxf6 25. e5 Nd5+ 26. Ke2 Nc3+ 27. Rxc3
Rxc3 28. Bxh7+ Kh8 29. Nd2 Rh3 30. Be4 Rxh2 31. Rg2 Qh3 32. Rxh2 Qxh2 33. Nf3
Bxe4 34. Qxe4 Qh5 35. Ke3 Qh6+ 36. Ke2 Qc1 37. Qh4+ Kg8 38. Ng5 Qc2+ 39. Kf1
Qf5 40. Ke2 a5 41. Ke3 b4 42. f4 a4 43. Ne4 b3 44. axb3 axb3 45. Qf2 b2 0-1

[Event "V Festival A"]
[Site "Erba ITA"]
[Date "2011.03.19"]
[Round "3"]
[White "Di Lascio, Savino"]
[Black "Liscio, Giovanni"]
[Result "1-0"]
[WhiteElo "1974"]
[BlackElo "2027"]
[PlyCount "59"]
[EventDate "2011.03.18"]

1. Nf3 Nf6 2. g3 b6 3. Bg2 Bb7 4. d3 e6 5. e4 Be7 6. O-O d6 7. c3 c5 8. Bg5 O-O
9. Qc2 Nbd7 10. Na3 a6 11. Rfe1 Rc8 12. Rad1 Qc7 13. c4 Ne5 14. Nd2 Nc6 15. Qb1
Nd4 16. Nb3 h6 17. Bd2 Nxb3 18. axb3 Nd7 19. Nc2 Bf6 20. Be3 e5 21. Bd2 b5 22.
Ne3 Bg5 23. Nf5 Bxd2 24. Rxd2 Kh7 25. Qd1 g6 26. Nh4 Nb8 27. f4 Nc6 28. Nf3
Rce8 29. f5 g5 30. Nxg5+ 1-0

[Event "V Festival A"]
[Site "Erba ITA"]
[Date "2011.03.19"]
[Round "3"]
[White "Drazic, Sinisa"]
[Black "Janev, Evgeni"]
[Result "1-0"]
[WhiteElo "2467"]
[BlackElo "2498"]
[PlyCount "55"]
[EventDate "2011.03.18"]

1. d4 d6 2. Bg5 g6 3. Nc3 Bg7 4. e4 c6 5. Qd2 Nd7 6. f4 b5 7. Nf3 Bb7 8. Bd3 a6
9. O-O-O Qc7 10. e5 dxe5 11. dxe5 O-O-O 12. Qe3 f6 13. Bh4 Nh6 14. Rhe1 Ng4 15.
Qe2 Bh6 16. Nd2 Ndxe5 17. fxe5 f5 18. Bf2 c5 19. Bg1 c4 20. Be4 Bxe4 21. Ncxe4
Rd5 22. h3 Rxe5 23. Qf3 Rd8 24. hxg4 fxe4 25. Qh3 Bg5 26. Be3 Rd3 27. Kb1 Bxe3
28. cxd3 1-0

[Event "V Festival A"]
[Site "Erba ITA"]
[Date "2011.03.19"]
[Round "3"]
[White "Gagliardi, Christian"]
[Black "Lazic, Miroljub"]
[Result "0-1"]
[WhiteElo "2212"]
[BlackElo "2488"]
[PlyCount "130"]
[EventDate "2011.03.18"]

1. e4 e5 2. Nf3 d6 3. d4 Nf6 4. Nc3 Nbd7 5. Bc4 Be7 6. O-O O-O 7. Re1 c6 8. a4
a5 9. h3 exd4 10. Nxd4 Nc5 11. b3 Be6 12. Nxe6 fxe6 13. Qe2 Nfd7 14. Bb2 Bf6
15. Rad1 d5 16. exd5 exd5 17. Bd3 g6 18. Rb1 Rf7 19. Rf1 Qf8 20. Nd1 Nxd3 21.
cxd3 Bxb2 22. Qxb2 Qb4 23. Ne3 h5 24. Nc2 Qd6 25. Rbe1 Qf6 26. Qxf6 Nxf6 27.
Re6 Kg7 28. Rfe1 Nd7 29. d4 Nf6 30. f3 Ra6 31. R1e3 h4 32. Ne1 Rb6 33. Rc3 Nh5
34. Kf2 Ng3 35. Ke3 Nf5+ 36. Kd3 Re7 37. Rxe7+ Nxe7 38. Kc2 Nf5 39. Rd3 Ra6 40.
f4 Ra8 41. Nf3 Re8 42. Ne5 Ng3 43. Nf3 Nh5 44. Nxh4 Nxf4 45. Rd2 Re3 46. Rf2
Ne6 47. Nf3 b6 48. Rd2 Kf6 49. Rf2 Ke7 50. Rd2 Kd6 51. Rd1 c5 52. dxc5+ bxc5
53. Rd2 d4 54. Nh4 Rc3+ 55. Kb2 Nf4 56. Ka2 Kd5 57. Rf2 Nd3 58. Rf8 Rc2+ 59.
Kb1 Rc3 60. Rd8+ Ke6 61. Rb8 g5 62. Nf3 Rc1+ 63. Ka2 Rc2+ 64. Kb1 Rxg2 65. Rb5
Kd5 0-1

[Event "V Festival A"]
[Site "Erba ITA"]
[Date "2011.03.19"]
[Round "3"]
[White "Laketic, Gojko"]
[Black "Seyfried, Claus"]
[Result "1-0"]
[WhiteElo "2452"]
[BlackElo "2159"]
[PlyCount "59"]
[EventDate "2011.03.18"]

1. d4 d5 2. c4 e6 3. Nc3 c6 4. e3 Bd6 5. Nf3 f5 6. Ne5 Nf6 7. f4 O-O 8. Bd3 Ne4
9. O-O Nd7 10. Bd2 Nxe5 11. fxe5 Nxd2 12. Qxd2 dxc4 13. Bxc4 Bxe5 14. Qd3 Bc7
15. Rxf5 Rxf5 16. Qxf5 Qd6 17. Qh3 Bd7 18. Ne4 Qe7 19. Nc5 Re8 20. Nxb7 Bb6 21.
Rc1 Qb4 22. b3 Bxd4 23. exd4 Qxb7 24. Rf1 Qb4 25. Qe3 Qd6 26. Qe5 Qb8 27. Qc5
Qc7 28. g3 Bc8 29. d5 Qe5 30. Qf2 1-0

[Event "V Festival A"]
[Site "Erba ITA"]
[Date "2011.03.19"]
[Round "3"]
[White "Locatelli, Andrea"]
[Black "Guzzetti, Luigi Enrico"]
[Result "1-0"]
[WhiteElo "2123"]
[BlackElo "1908"]
[PlyCount "95"]
[EventDate "2011.03.18"]

1. e4 c5 2. Nf3 e6 3. d4 cxd4 4. Nxd4 a6 5. c4 Nf6 6. Nc3 Qc7 7. a3 Be7 8. Be2
Nc6 9. Be3 d6 10. O-O Bd7 11. f3 Rc8 12. Rc1 Qb8 13. b4 O-O 14. Nxc6 Bxc6 15.
b5 axb5 16. cxb5 Bd7 17. Qb3 d5 18. exd5 Bd6 19. f4 Rxc3 20. Qxc3 Nxd5 21. Qd2
Bxa3 22. Rb1 b6 23. Bd4 Bd6 24. g3 Bc8 25. Bf3 Rd8 26. Qf2 Bc7 27. Rfd1 Bb7 28.
Rbc1 Rc8 29. Bg2 Ba8 30. Qb2 f6 31. Re1 Re8 32. Qb3 Qd8 33. Rcd1 Qd6 34. Bf2
Kf7 35. f5 Rd8 36. Rxe6 Qd7 37. Rc6 Bxc6 38. bxc6 Qxf5 39. Rxd5 Rxd5 40. Qxd5+
Qxd5 41. Bxd5+ Ke7 42. g4 h6 43. Kg2 b5 44. h4 g6 45. h5 gxh5 46. gxh5 Kd6 47.
Bf3 b4 48. Bg3+ 1-0

[Event "V Festival A"]
[Site "Erba ITA"]
[Date "2011.03.19"]
[Round "3"]
[White "Miracola, Massimiliano"]
[Black "Betori, Alessandro"]
[Result "0-1"]
[WhiteElo "1929"]
[BlackElo "2025"]
[PlyCount "54"]
[EventDate "2011.03.18"]

1. e4 d5 2. exd5 Qxd5 3. Nc3 Qd6 4. d4 Nf6 5. Bd3 a6 6. Nge2 Nc6 7. Bf4 Qd8 8.
a3 Bg4 9. f3 Bh5 10. g4 Bg6 11. Bxg6 hxg6 12. d5 Na7 13. g5 Nh5 14. Be3 Nc8 15.
Qd3 Nd6 16. O-O-O Qd7 17. Nd4 O-O-O 18. Nc6 Re8 19. Qd4 bxc6 20. Qa7 Kd8 21.
dxc6 Qxc6 22. Ne4 Kc8 23. a4 Nxe4 24. fxe4 e5 25. Bf2 Bd6 26. Rd3 Nf4 27. Rc3
Ne2+ 0-1

[Event "V Festival A"]
[Site "Erba ITA"]
[Date "2011.03.19"]
[Round "3"]
[White "Petkov, Vladimir"]
[Black "Arnaudov, G. Petar"]
[Result "1/2-1/2"]
[WhiteElo "2493"]
[BlackElo "2453"]
[PlyCount "26"]
[EventDate "2011.03.18"]

1. Nf3 c5 2. c4 Nf6 3. Nc3 e6 4. e3 a6 5. d4 d5 6. a3 dxc4 7. Bxc4 b5 8. Bd3
Bb7 9. O-O Nbd7 10. Qe2 Be7 11. Rd1 Qc7 12. e4 cxd4 13. Nxd4 O-O 1/2-1/2

[Event "V Festival A"]
[Site "Erba ITA"]
[Date "2011.03.19"]
[Round "3"]
[White "Pucovski, Miroslav"]
[Black "Pace, Pietro Dario"]
[Result "1/2-1/2"]
[WhiteElo "2304"]
[BlackElo "2300"]
[PlyCount "116"]
[EventDate "2011.03.18"]

1. e4 c5 2. c3 Nf6 3. e5 Nd5 4. Bc4 Nb6 5. Bb3 c4 6. Bc2 Nc6 7. Nf3 g6 8. O-O
Bg7 9. Qe2 O-O 10. Na3 Na5 11. d3 d5 12. h3 cxd3 13. Bxd3 Nc6 14. Bf4 Na4 15.
Nb5 Nc5 16. Bc2 Ne6 17. Bg3 Qb6 18. Bb3 a6 19. Nbd4 Nexd4 20. Nxd4 Nxd4 21.
cxd4 e6 22. Qd2 Bd7 23. Bh4 Rfc8 24. Be7 a5 25. Rfc1 a4 26. Bd1 Bf8 27. Bxf8
Kxf8 28. Be2 Kg7 29. h4 Qd8 30. g3 h6 31. Kg2 b5 32. Qb4 Rc4 33. Qd2 Qb6 34.
Bxc4 dxc4 35. Qf4 Bc6+ 36. f3 Qd8 37. Rh1 a3 38. b3 cxb3 39. axb3 b4 40. Rhd1
Bd5 41. Rd3 g5 42. Qd2 g4 43. Qxb4 gxf3+ 44. Kf2 a2 45. Qd2 Rc8 46. Rxa2 Rc7
47. Rc3 Rd7 48. Qe3 Bb7 49. Rd2 Qa5 50. Rc5 Qa1 51. Qe1 Qa3 52. Rc3 Qa5 53. Re3
Re7 54. Red3 Qa3 55. Qe3 Qa1 56. Qe1 Qa3 57. Qe3 Qa1 58. Qe1 Qa3 1/2-1/2

[Event "V Festival A"]
[Site "Erba ITA"]
[Date "2011.03.19"]
[Round "3"]
[White "Rambaldi, Francesco"]
[Black "Pace, Roberto"]
[Result "1-0"]
[WhiteElo "2172"]
[BlackElo "1981"]
[PlyCount "65"]
[EventDate "2011.03.18"]

1. e4 c5 2. Nf3 d6 3. d4 cxd4 4. Nxd4 Nf6 5. Nc3 e6 6. Be3 a6 7. Be2 Be7 8. O-O
Qc7 9. f4 Nbd7 10. Qe1 b5 11. a4 b4 12. Na2 Nxe4 13. c3 b3 14. Nxb3 O-O 15. Bf3
Ndf6 16. a5 Bb7 17. Bb6 Qc8 18. Nb4 d5 19. Nd3 Qc4 20. Qd1 Nd7 21. Ne5 Nxe5 22.
fxe5 Qc8 23. Qd4 Bc6 24. Bxe4 dxe4 25. Nd2 Bb7 26. Nxe4 Qc6 27. Rad1 Rac8 28.
Qd2 Rb8 29. Qf2 f5 30. exf6 Bxf6 31. Qg3 Be7 32. Bd4 g6 33. Qe5 1-0

[Event "V Festival A"]
[Site "Erba ITA"]
[Date "2011.03.19"]
[Round "3"]
[White "Rota, Simone"]
[Black "Angelini, Marco"]
[Result "1/2-1/2"]
[WhiteElo "2020"]
[BlackElo "2177"]
[PlyCount "55"]
[EventDate "2011.03.18"]

1. d4 d5 2. c4 e6 3. Nf3 c6 4. e3 Nf6 5. Bd3 Nbd7 6. O-O b6 7. b3 Bb7 8. Bb2
Be7 9. Nbd2 O-O 10. Ne5 c5 11. dxc5 Nxc5 12. Bc2 dxc4 13. Ndxc4 Qxd1 14. Rfxd1
Rac8 15. Rac1 Rfd8 16. Bb1 Nd5 17. Nd3 Ba6 18. Nxc5 Bxc5 19. Kh1 Bxc4 20. bxc4
Nf6 21. Bxf6 gxf6 22. Bc2 Bd6 23. g3 f5 24. Bb3 Kf8 25. Kg2 Ke7 26. Kf3 a5 27.
Ba4 Bc5 28. Bb5 1/2-1/2

[Event "V Festival A"]
[Site "Erba ITA"]
[Date "2011.03.19"]
[Round "3"]
[White "Salvador, Roland"]
[Black "Damia, Angelo"]
[Result "1-0"]
[WhiteElo "2532"]
[BlackElo "2334"]
[PlyCount "75"]
[EventDate "2011.03.18"]

1. d4 Nf6 2. Nf3 e6 3. c4 c5 4. d5 b5 5. Bg5 exd5 6. cxd5 h6 7. Bxf6 Qxf6 8.
Nbd2 g5 9. e3 Qxb2 10. Rb1 Qxa2 11. Bxb5 Bg7 12. Bc4 Qa5 13. O-O O-O 14. Nb3
Qa4 15. Qd3 d6 16. Nfd2 Nd7 17. f4 Nb6 18. Rbc1 Nxc4 19. Nxc4 Ba6 20. Nbd2 Rab8
21. fxg5 hxg5 22. Rf5 Rb2 23. Rxg5 Rxd2 24. Qxd2 Bxc4 25. Qc3 f6 26. Rg4 Qe8
27. Rxc4 f5 28. Qd3 Bh6 29. Re1 Qe5 30. Rh4 Kg7 31. Rh3 Re8 32. Kh1 Bg5 33. Rf1
Qe4 34. Qe2 Kf6 35. Qh5 Rg8 36. Rhf3 Rg6 37. Rxf5+ Qxf5 38. Qh8+ 1-0

[Event "V Festival A"]
[Site "Erba ITA"]
[Date "2011.03.19"]
[Round "3"]
[White "Sgnaolin, Davide"]
[Black "Radice, Luca"]
[Result "1-0"]
[WhiteElo "2284"]
[BlackElo "1997"]
[PlyCount "62"]
[EventDate "2011.03.18"]

1. e4 e6 2. d4 d5 3. Nd2 Nc6 4. Ngf3 Nf6 5. e5 Nd7 6. c3 f6 7. Bb5 Be7 8. O-O
O-O 9. Re1 f5 10. Bd3 Ncb8 11. b4 b6 12. a4 c5 13. bxc5 bxc5 14. c4 Ba6 15. Qe2
Nc6 16. Ba3 cxd4 17. cxd5 Bxd3 18. Qxd3 exd5 19. Bxe7 Nxe7 20. Nxd4 Nc5 21. Qa3
Qa5 22. N2b3 Nxb3 23. Nxb3 Qd8 24. Nd4 Re8 25. Rac1 Qb6 26. Nb5 Ng6 27. Nc7
Rac8 28. Nxe8 Rxe8 29. Qc5 Qd8 30. Qc7 Qg5 31. e6 Nf4 1-0

[Event "V Festival A"]
[Site "Erba ITA"]
[Date "2011.03.19"]
[Round "3"]
[White "Smith, Bryan G."]
[Black "Ranfagni, Stefano"]
[Result "1-0"]
[WhiteElo "2466"]
[BlackElo "1965"]
[PlyCount "45"]
[EventDate "2011.03.18"]

1. e4 e5 2. Nf3 Nf6 3. Nxe5 d6 4. Nc4 Nxe4 5. d4 d5 6. Ne3 c6 7. Nd2 Bd6 8.
Nxe4 dxe4 9. Bc4 O-O 10. O-O Kh8 11. f3 b5 12. Bb3 Qc7 13. fxe4 Bxh2+ 14. Kh1
Qg3 15. Qh5 Qd6 16. Qxh2 Qxd4 17. c3 Qb6 18. e5 Bb7 19. Bc2 h6 20. Rf6 Kg8 21.
Rxh6 gxh6 22. Qxh6 f5 23. Bb3+ 1-0

[Event "V Festival A"]
[Site "Erba ITA"]
[Date "2011.03.19"]
[Round "3"]
[White "Vezzosi, Paolo"]
[Black "Marholev, Dimitar"]
[Result "1/2-1/2"]
[WhiteElo "2370"]
[BlackElo "2384"]
[PlyCount "24"]
[EventDate "2011.03.18"]

1. d4 Nf6 2. Bf4 g6 3. e3 Bg7 4. Nf3 O-O 5. Be2 d6 6. O-O c5 7. c3 b6 8. Nbd2
Bb7 9. a4 a6 10. Nc4 Nbd7 11. h3 Rc8 12. Nfd2 Qc7 1/2-1/2

[Event "V Festival A"]
[Site "Erba ITA"]
[Date "2011.03.20"]
[Round "4"]
[White "Arnaudov, G. Petar"]
[Black "Smith, Bryan G."]
[Result "0-1"]
[WhiteElo "2453"]
[BlackElo "2466"]
[PlyCount "70"]
[EventDate "2011.03.18"]

1. Nf3 g6 2. d4 Nf6 3. c4 Bg7 4. Nc3 O-O 5. e4 d6 6. h3 Nbd7 7. Bg5 e5 8. d5 a5
9. Be2 Nc5 10. Nd2 Bd7 11. g4 c6 12. h4 Qb6 13. Rh3 h5 14. Bxf6 Bxf6 15. Rb1
Kg7 16. Nb3 Nxb3 17. axb3 Rh8 18. dxc6 bxc6 19. g5 Bxg5 20. hxg5 Bxh3 21. Qxd6
Rae8 22. Qf6+ Kg8 23. Rd1 Be6 24. Qxe5 h4 25. Rd3 h3 26. Qh2 a4 27. Nxa4 Qa5+
28. Nc3 Qxg5 29. f4 Qh4+ 30. Kf1 Rd8 31. Rxd8+ Qxd8 32. Kg1 Qd4+ 33. Kh1 Qe3
34. Bf1 Qf3+ 35. Kg1 Rh4 0-1

[Event "V Festival A"]
[Site "Erba ITA"]
[Date "2011.03.20"]
[Round "4"]
[White "Betori, Alessandro"]
[Black "Angelini, Marco"]
[Result "0-1"]
[WhiteElo "2025"]
[BlackElo "2177"]
[PlyCount "94"]
[EventDate "2011.03.18"]

1. Nf3 d5 2. d3 Nc6 3. Nbd2 e5 4. e4 Nf6 5. exd5 Qxd5 6. g3 Bg4 7. Bg2 Qd7 8.
O-O Bd6 9. Re1 O-O 10. b3 Qf5 11. Bb2 Rfe8 12. Nc4 Rad8 13. Ne3 Qh5 14. Nxg4
Nxg4 15. h3 Nh6 16. Nd2 Qg6 17. Nc4 f6 18. Be4 Qf7 19. Qf3 Qd7 20. Bxc6 bxc6
21. Kg2 Bc5 22. Re2 Nf7 23. h4 Re6 24. a3 Rde8 25. Rae1 Nd6 26. Na5 Nb5 27. b4
Bd4 28. c4 Bxb2 29. cxb5 Bxa3 30. Nxc6 a6 31. Rc2 axb5 32. Ra1 e4 33. dxe4 Rxc6
34. Rd1 Qe6 35. Rxc6 Qxc6 36. Qxa3 Qxe4+ 37. Kg1 h6 38. Qc3 c6 39. Rc1 Re6 40.
Qc5 f5 41. Rd1 f4 42. Rd8+ Kh7 43. h5 fxg3 44. fxg3 Qe1+ 45. Kg2 Re2+ 46. Kf3
Qf1+ 47. Kg4 Re4# 0-1

[Event "V Festival A"]
[Site "Erba ITA"]
[Date "2011.03.20"]
[Round "4"]
[White "Guzzetti, Luigi Enrico"]
[Black "Cattaneo, Marco"]
[Result "1/2-1/2"]
[WhiteElo "1908"]
[BlackElo "1990"]
[PlyCount "40"]
[EventDate "2011.03.18"]

1. e4 c5 2. Nf3 d6 3. d4 cxd4 4. Nxd4 Nf6 5. Nc3 g6 6. Be2 Bg7 7. Be3 O-O 8.
O-O Nc6 9. Qd2 Ng4 10. Bxg4 Bxg4 11. h3 Bd7 12. Rad1 Ne5 13. b3 Rc8 14. Nce2 a6
15. c4 Nc6 16. Nc3 b5 17. cxb5 Nxd4 18. Bxd4 Bxd4 19. Qxd4 Bxb5 20. Nxb5 axb5
1/2-1/2

[Event "V Festival A"]
[Site "Erba ITA"]
[Date "2011.03.20"]
[Round "4"]
[White "Janev, Evgeni"]
[Black "Borgo, Giulio"]
[Result "1-0"]
[WhiteElo "2498"]
[BlackElo "2401"]
[PlyCount "71"]
[EventDate "2011.03.18"]

1. e4 d5 2. exd5 Qxd5 3. Nc3 Qa5 4. d4 Nf6 5. Bd2 Bg4 6. Nf3 e6 7. h3 Bh5 8. g4
Bg6 9. Ne5 Nbd7 10. Bg2 Qb6 11. Qe2 Nxe5 12. dxe5 Nd7 13. Na4 Qd4 14. Bxb7 Rd8
15. Bc6 Bxc2 16. Bc3 Qd3 17. Qxd3 Bxd3 18. O-O-O Bc4 19. Rhe1 Be7 20. b3 Bd5
21. Bxd5 exd5 22. Rxd5 Nb6 23. Ra5 Nxa4 24. Rxa4 Bc5 25. Re2 Rd3 26. Rc4 Bb6
27. h4 h5 28. g5 O-O 29. f4 Rf3 30. Kc2 Kh7 31. a4 Bf2 32. e6 c5 33. e7 Re8 34.
b4 cxb4 35. Bxb4 Kg6 36. Rd2 1-0

[Event "V Festival A"]
[Site "Erba ITA"]
[Date "2011.03.20"]
[Round "4"]
[White "Janeva, Mariya"]
[Black "Damia, Angelo"]
[Result "0-1"]
[WhiteElo "2028"]
[BlackElo "2334"]
[PlyCount "98"]
[EventDate "2011.03.18"]

1. e4 c5 2. c3 e6 3. Nf3 d5 4. exd5 exd5 5. d4 a6 6. h3 c4 7. Bf4 Bd6 8. Bxd6
Qxd6 9. Be2 Bf5 10. O-O Nc6 11. Re1 Nge7 12. Nbd2 O-O 13. Nh4 b5 14. Nxf5 Nxf5
15. Qc2 Qg6 16. Bg4 Nfe7 17. Qxg6 Nxg6 18. g3 Rfd8 19. a3 Kf8 20. f4 Nge7 21.
Re2 a5 22. a4 b4 23. Ree1 Rab8 24. Rab1 Rb7 25. Bf3 Rb6 26. Nf1 Rdb8 27. Rbc1
bxc3 28. bxc3 Rb3 29. Ne3 Rd8 30. Kf2 Ra3 31. Bd1 Nc8 32. Re2 Nb6 33. Rb2 Nxa4
34. Bxa4 Rxa4 35. Rb5 Ne7 36. Rcb1 Ra2+ 37. Kf3 Ra3 38. Rc1 a4 39. Ra5 g6 40.
g4 Rb8 41. f5 Kg7 42. Ra7 Ng8 43. Nxd5 Rd8 44. Ke4 Ra2 45. Nb6 Rh2 46. Nxc4
Nf6+ 47. Kf4 Rxh3 48. Ne5 Nd5+ 49. Ke4 Re3# 0-1

[Event "V Festival A"]
[Site "Erba ITA"]
[Date "2011.03.20"]
[Round "4"]
[White "Kosic, Dragan"]
[Black "Drazic, Sinisa"]
[Result "1/2-1/2"]
[WhiteElo "2466"]
[BlackElo "2467"]
[PlyCount "34"]
[EventDate "2011.03.18"]

1. Nf3 Nf6 2. c4 c5 3. Nc3 d6 4. g3 b6 5. Bg2 Bb7 6. O-O Nbd7 7. b3 a6 8. Bb2
e6 9. d4 cxd4 10. Nxd4 Bxg2 11. Kxg2 Qc7 12. e3 Be7 13. f4 O-O 14. Qf3 Rfe8 15.
Rac1 Rac8 16. Rfd1 Bf8 17. Nce2 h6 1/2-1/2

[Event "V Festival A"]
[Site "Erba ITA"]
[Date "2011.03.20"]
[Round "4"]
[White "Lapiccirella, Daniele"]
[Black "Vezzosi, Paolo"]
[Result "0-1"]
[WhiteElo "2255"]
[BlackElo "2370"]
[PlyCount "48"]
[EventDate "2011.03.18"]

1. d4 Nf6 2. c4 e6 3. Nc3 Bb4 4. Bd2 O-O 5. Nf3 d5 6. e3 b6 7. Be2 a6 8. O-O
Bd6 9. Rc1 Nbd7 10. cxd5 exd5 11. Qb3 Bb7 12. Rfd1 Qe7 13. Be1 Rfd8 14. a3 Rab8
15. Qa4 c5 16. dxc5 bxc5 17. b4 cxb4 18. axb4 Bxb4 19. Ne4 Bxe1 20. Nxf6+ Nxf6
21. Rxe1 Ne4 22. Nd4 Rdc8 23. Bg4 Rxc1 24. Rxc1 Qh4 0-1

[Event "V Festival A"]
[Site "Erba ITA"]
[Date "2011.03.20"]
[Round "4"]
[White "Lazic, Miroljub"]
[Black "Pucovski, Miroslav"]
[Result "1-0"]
[WhiteElo "2488"]
[BlackElo "2304"]
[PlyCount "43"]
[EventDate "2011.03.18"]

1. e4 d6 2. d4 g6 3. Nc3 Bg7 4. Be3 Nd7 5. g3 b6 6. Bg2 Bb7 7. Nge2 e6 8. Qd2
h6 9. O-O Ne7 10. Rad1 a6 11. a4 Kf8 12. h3 Kg8 13. g4 Rb8 14. f4 f5 15. Ng3
Nf6 16. gxf5 gxf5 17. d5 Bc8 18. dxe6 Bxe6 19. e5 Ne8 20. Nh5 Rh7 21. exd6 Nxd6
22. Bd4 1-0

[Event "V Festival A"]
[Site "Erba ITA"]
[Date "2011.03.20"]
[Round "4"]
[White "Liscio, Giovanni"]
[Black "Miracola, Massimiliano"]
[Result "0-1"]
[WhiteElo "2027"]
[BlackElo "1929"]
[PlyCount "50"]
[EventDate "2011.03.18"]

1. d4 d5 2. c4 e6 3. Nc3 c6 4. e3 Nf6 5. Nf3 Nbd7 6. cxd5 exd5 7. Bd3 Bd6 8.
O-O O-O 9. Qc2 Re8 10. Re1 h6 11. a3 Qe7 12. e4 dxe4 13. Nxe4 Nxe4 14. Bxe4 Qd8
15. Bd2 Nf6 16. Bd3 Rxe1+ 17. Rxe1 Qc7 18. Bc3 Be6 19. Ne5 Bd5 20. g3 Re8 21.
b4 b6 22. Bf5 g6 23. Bd3 c5 24. Bb5 cxd4 25. Bxe8 Bxe5 0-1